| 000 | 00795nam a2200265 a 4500 | ||
|---|---|---|---|
| 001 | ASIN0231045379 | ||
| 005 | 20170105102931.0 | ||
| 008 | 140409s1978 xxu eng d | ||
| 020 | _a0231045379 (paperback) | ||
| 020 | _a9780231045377 (paperback) | ||
| 040 | _a0 | ||
| 050 | 0 | 4 | _aK2400 |
| 082 | 0 | 4 |
_a347.09 _bNAD 1978 |
| 100 | 1 | _aNader, Laura. | |
| 245 | 1 | 4 |
_aThe disputing process : _blaw in ten societies / _cLaura Nader, Harry Todd. |
| 260 |
_a[S.l.] : _bColumbia University Press, _c1978. |
||
| 300 |
_a372 p. ; _c23 cm. |
||
| 650 | 0 | _aArbitration and award | |
| 650 | 0 | _aCourts | |
| 650 | 0 | _aCustomary law | |
| 650 | 0 | _aNegotiation | |
| 700 | 1 | _aTodd, Harry. | |
| 856 | 4 | 0 |
_3Amazon.com _uhttp://www.amazon.com/exec/obidos/ASIN/0231045379/chopaconline-20 |
| 942 |
_2ddc _cBK |
||
| 999 |
_c16048 _d16048 |
||